Berkley : (Record no. 30875)
[ view plain ]
| 000 -LEADER | |
|---|---|
| fixed length control field | 00616nam a22002057a 4500 |
| 001 - CONTROL NUMBER | |
| control field | 30875 |
| 003 - CONTROL NUMBER IDENTIFIER | |
| rucl marc code | BD-RjUL |
| 005 - DATE AND TIME OF LATEST TRANSACTION | |
| control field | 20211209051628.0 |
| 008 - FIXED-LENGTH DATA ELEMENTS--GENERAL INFORMATION | |
| fixed length control field | 140412b1957 xxu||||| |||| 00| 0 eng d |
| 035 ## - SYSTEM CONTROL NUMBER | |
| System control number | (BD-RjUL)30962 |
| 040 ## - CATALOGING SOURCE | |
| Original cataloging agency | BD-RjUL |
| Language of cataloging | eng |
| Transcribing agency | BD-RjUL |
| 041 ## - LANGUAGE CODE | |
| Language code of text/sound track or separate title | eng |
| 082 ## - DEWEY DECIMAL CLASSIFICATION NUMBER | |
| Classification number | 192 |
| Author mark and year | BER 1957 |
| 100 ## - MAIN ENTRY--PERSONAL NAME | |
| Personal name | calking, mary whiton |
| 9 (RLIN) | 93803 |
| 245 ## - TITLE STATEMENT | |
| Title | Berkley : |
| Remainder of title | Essay, Principles, Dialogues with selections from other writings / |
| Statement of responsibility, etc. | ed. by Mary whiton calking |
| 260 ## - PUBLICATION, DISTRIBUTION, ETC. (IMPRINT) | |
| Place of publication, distribution, etc. | New York : |
| Name of publisher, distributor, etc. | Charles scribner's sons, |
| Date of publication, distribution, etc. | 1957 |
| 300 ## - PHYSICAL DESCRIPTION | |
| Pagination | 480 p. ; |
| Size | 14 cm |
| 650 ## - SUBJECT ADDED ENTRY--TOPICAL TERM | |
| Topical term or geographic name as entry element | Philosophy |
| Form subdivision | essay |
| 9 (RLIN) | 93804 |
| 942 ## - ADDED ENTRY ELEMENTS (KOHA) | |
| Source of classification or shelving scheme | Dewey Decimal Classification |
| Koha item type | Books |
| Lost status | Source of classification or shelving scheme | Damaged status | Not for loan | Collection code | Permanent Location | Current Location | Shelving location | Date acquired | Source of acquisition | Cost, normal purchase price | Total Checkouts | Full call number | Date last seen | Copy number | Koha item type |
|---|---|---|---|---|---|---|---|---|---|---|---|---|---|---|---|
| Dewey Decimal Classification | Non-fiction | Central Library, University of Rajshahi | Central Library, University of Rajshahi | 22/06/1963 | zeithinger | 10.00 | 192 BER 1957 | 12/04/2014 | C-3 | Books |